| 000 | 00716nam a22002297a 4500 | ||
|---|---|---|---|
| 003 | OSt | ||
| 005 | 20250812055815.0 | ||
| 006 | a | ||
| 008 | 240629b |||||||| |||| 00| 0 eng d | ||
| 020 | _a97811189600684 | ||
| 040 |
_aDWCL-Main Lib. _cOC |
||
| 082 | _aCirc. 150.28 G881h 2016 | ||
| 100 | _aGroth- Marnat, Gary | ||
| 245 |
_aHandbook of psychological assessment / _cGary Groth- Marnat |
||
| 250 | _aSixth edition | ||
| 260 |
_aHoboken, New Jersey : _bJohn Wiley and Sons Inc., _cc2016. |
||
| 300 |
_aix, 911 pages : _billustrations ; _c27cm. |
||
| 504 | _aIncludes index. | ||
| 650 | _a1. Psychological test. | ||
| 650 | _a2.Personality assessment. | ||
| 942 |
_2ddc _cBK-CIRC _kCirc. _n0 _eSixth edition |
||
| 999 |
_c1628 _d1628 |
||